000 00817 a2200229 4500
999 _c6882
_d6882
020 _a0273651455
050 0 0 _aHD69.P75
245 0 0 _aProject management for information systems /
_cedited by James Cadle and Donald Yeates.
250 _a5th ed.
264 _aEdinburgh :
_bPearson education ltd,
_c2008.
300 _axvi, 446 p. :
_bill. ;
500 _aIncludes and index.
504 _aIncludes bibliographical references (p. 372-375) and index.
650 0 _aSystem analysis.
650 0 _aManagement information systems.
650 0 _aInformation resources management.
650 0 _aProject management.
700 1 _aCadle, James.
_eauthor
700 1 _aYeates, Donald.
942 _2lcc
_cBK
_h69
_iCAD
_kHD